1485 1714 1404 1146 1435 1591 1258 1360 1055 1402 1271 1490 1482 1321 1025 1661 1286 1208 1249 1563 1026 1922 1797 1371 1268 1731 1572 1386 1639 1975 1961 1174 1010 1937 1737 1944 1653 1046 1148 1302 1191 1956 1254 1818 1050 1558 1427 1256 1114 1697 1693 1614 1506 1796 1078 1070 1131 1032 1369 1279 1641 1429 1569 1505 1879 1534 1843 1917 1808 1003 1811 1155 1100 1328 1037 1889 1445 1747 1002 1697 1454 1453 1378 1646 1082 1072 1723 1834 1416 1293 1770 1131 1499 1227 1130 1384 1154 1882 1206 BCNSPRNW ULIB Ver.6.0+V

เปลี่ยนเป็นภาษาไทย

Change to English
 แสดงรายละเอียดบรรณานุกรม
  กลับหน้าหลัก

Brief Record : Get Marc (ISO 2709) : E-mail record : QR code < ปิดหน้าต่าง
LEADER : 00000nam 2200000uu 4500
001    13399114091
003     ULIB
008    020711s2553 th a 000 0 eng d
020    ^a0323056649
060    ^aWY18.2^bJ29I
100    ^aZerwekh, JoAnn
110    ^aMosby Elsevier
245    ^aIllustrated study guide for the NCLEX-RN exam/^cZerwekh, JoAnn
250    ^a7th ed
260    ^aCanada :^bMosby Elsevier,^c2553
300    ^a620 pages
650    NCLEX-RN
945    ^p1070^l0^i029058
รายการนี้ยังไม่มีแท็ก
คุณยังไม่ได้ล็อกอิน คุณสามารถมีกิจกรรมร่วมกับเว็บไซต์ได้ แต่ต้องล็อกอินก่อน ::
  ล็อกอิน

รายการสื่อสารสนเทศ

ลำดับที่ ประเภท เลขเรียก/บาร์โค้ด สถานที่ สถานะ
- ไม่พบข้อมูล -

รายการใกล้เคียง
    ผู้แต่ง [Zerwekh, JoAnn]

BibComment


ยังไม่เคยถูกคอมเมนท์

คอมเมนท์ทรัพยากรรายการนี้
  คอมเมนท์: Illustrated stud..


 Copyright 2026. Bcnsprnw @Library